000 00744nam a22001697a 4500
003 GBCCL
005 20251127120507.0
008 180704b ||||| |||| 00| 0 eng d
040 _cgbc
082 _a220.52034
_bDAK
245 _aDake's annotated reference Bible; The Holy Bible containing the Old and New Testament of the authorized or King James Version text :
_cFinis Jennings Dake
_bwith four equal-sized columns on each page -two of text and two of notes and comments, self pronouncing text, and a complete concordance and cyclopedic index /
250 _alarge note edition
260 _aGeorgia:
_bDake Bible Sales,
_c1979
300 _a944, 324, 131 p.;
_bmap.,
_c28 cm.
650 _aBible
_xAnnotated reference
_912400
942 _2ddc
_cREF
999 _c6965
_d6965